Aktuální výzvy v oblasti kvality - nová generace příležitostí
Popis niekoľkých výziev, ktorým sa v oblasti kvality čelí a príležitosti, ktoré nám každá z týchto výziev ponúka. Súčasní zákazníci. Uvedenie produktu na trh v pravý čas. Nanotechnológie. Multikulturálna rôznorodosť. Integrované podnikové systémy. Skrytá konkurencia a riziko.
Na minha lista:
| Autor principal: | |
|---|---|
| Formato: | Capítulo de Livro |
| Idioma: | tcheco |
| Assuntos: | |
| Tags: |
Sem tags, seja o primeiro a adicionar uma tag!
|
MARC
| LEADER | 00000naa$a2200000$$$4500 | ||
|---|---|---|---|
| 001 | 0074601 | ||
| 005 | 20231012065607.5 | ||
| 041 | 0 | |a cze | |
| 044 | |a SK | ||
| 245 | 1 | 0 | |a Aktuální výzvy v oblasti kvality - nová generace příležitostí |c H. Gregory Watson |
| 520 | |a Popis niekoľkých výziev, ktorým sa v oblasti kvality čelí a príležitosti, ktoré nám každá z týchto výziev ponúka. Súčasní zákazníci. Uvedenie produktu na trh v pravý čas. Nanotechnológie. Multikulturálna rôznorodosť. Integrované podnikové systémy. Skrytá konkurencia a riziko. | ||
| 610 | 2 | 0 | |a kvalita |
| 610 | 2 | 0 | |a kvalita výrobkov |
| 610 | 2 | 0 | |a zákazníci |
| 610 | 2 | 0 | |a konkurencia |
| 610 | 2 | 0 | |a riziko |
| 100 | 1 | |a Watson, H. Gregory | |